000 01201nam a2200313Ia 4500
001 ebr10256905
003 CaPaEBR
006 m u
007 cr cn|||||||||
008 070116s2007 enk sb 001 0 eng d
020 _z9781412923224 (hbk.) :
020 _z1412923220 (hbk.) :
020 _z9781412923231 (pbk.) :
020 _z1412923239 (pbk.) :
040 _aCaPaEBR
_cCaPaEBR
035 _a(OCoLC)646770736
050 1 4 _aLB1025.3
_b.T33 2007eb
100 1 _aTaber, Keith.
245 1 0 _aClassroom-based research and evidence-based practice
_h[electronic resource] :
_ba student's guide /
_cKeith S. Taber.
260 _aLondon :
_bSAGE,
_c2007.
300 _avii, 199 p.
504 _aIncludes bibliographical references and index.
533 _aElectronic reproduction.
_bPalo Alto, Calif. :
_cebrary,
_d2009.
_nAvailable via World Wide Web.
_nAccess may be limited to ebrary affiliated libraries.
650 0 _aTeaching
_xResearch.
650 0 _aEducation
_xResearch.
655 7 _aElectronic books.
_2local
710 2 _aebrary, Inc.
856 4 0 _uhttp://site.ebrary.com/lib/rucke/Doc?id=10256905
_zAn electronic book accessible through the World Wide Web; click to view
999 _c31528
_d31528